Engineering Mathematics-I/ (Record no. 175314)

MARC details
000 -LEADER
fixed length control field 00674nam a22002057a 4500
005 - DATE AND TIME OF LATEST TRANSACTION
control field 20200824113545.0
010 ## - LCCN (DPL NO)
LC control number ENG-128369
020 ## - INTERNATIONAL STANDARD BOOK NUMBER
Terms of availability 639.00
International Standard Book Number 9789353439408
035 ## - SYSTEM CONTROL NUMBER
System control number EN-111901
037 ## - SOURCE OF ACQUISITION
Source of stock number/acquisition DBAD/PUB
082 ## - DEWEY DECIMAL CLASSIFICATION NUMBER
Classification number 620.00151
100 ## - MAIN ENTRY--PERSONAL NAME
Personal name Das,P.Sivaramakrishna
245 ## - TITLE STATEMENT
Title Engineering Mathematics-I/
Statement of responsibility, etc by P.Sivaramakrishna Das
250 ## - EDITION STATEMENT
Edition statement 4th ed.
260 ## - PUBLICATION, DISTRIBUTION, ETC. (IMPRINT)
Place of publication, distribution, etc Noida
Name of publisher, distributor, etc Pearson
Date of publication, distribution, etc 2020
270 ## - ADDRESS
Address 15th floor,Tower-B,Word Trade Tower,Plot no.1,Block-C sec 16,
City Noida
Postal code 201301
Telephone number 04466540100
Electronic mail address companysecretary.india@pearson.com
300 ## - PHYSICAL DESCRIPTION
Extent various pages.
Dimensions 25cm(pbk)
500 ## - GENERAL NOTE
General note includes index
942 ## - ADDED ENTRY ELEMENTS (KOHA)
Source of classification or shelving scheme Dewey Decimal Classification
Item type English Books
Classification part 620.00151
Call number suffix DAS
Holdings
Withdrawn status Lost status Not for loan Collection code Home library Current library Date acquired Source of acquisition Cost, normal purchase price Full call number Barcode Copy number Cost, replacement price Koha item type
      Non-fiction Andrews Gunj Andrews Gunj 24/08/2020 DBAD/PUB 639.00 620.00151 DAS EN-111901 1 639.00 English Books

© Delhi Public Library
Hit Counter
free hit counter